000 00884nab a2200253 u 4500
001 15080
003 HDC
007 cr bn ---aaaaa
008 210217c my dr|nes 0 a eng d
040 _aHDC
100 _aZaidi Isham Ismail,
_eauthor
_98109
245 0 _aMalaysia and Cambodia can boost trade links' /
_cby Zaidi Isham Ismail
260 _aKuala Lumpur :
_bNew Straits Times Press,
_c2012
336 _atext
_2rdacontent
337 _acomputer
_2rdamedia
338 _aonline resource
_2rdacarrier
650 _aInternational economics relation
_915400
650 _aInternational relation
_99192
710 _aNew Straits Times
856 _zRequest full-text at [email protected]
942 _2lcc
942 _cNEWS
942 _kNWSC 003938
999 _c12396
_d12396